000 00472nam a22001697a 4500
005 20251108175654.0
008 250721s2013 xx 000 0 ara d
082 1 4 _a811.9565/سمح
100 1 _aسمحان، محمد
245 1 0 _aأفاويق /
264 1 _aعمان :
_bدار يافا للنشر والتوزيع،
_c2013.
300 _a252ص.
650 1 7 _aالشعر العربي
650 1 7 _aالعصر الحديث
942 _2ddc
_cBK
999 _c139655
_d139655